Panama : Selected Issues.

This Selected Issues paper argues that Panama's prospects for maintaining buoyant growth critically depends on continued productivity growth underpinned by comprehensive reforms focused on improving education quality, attracting talent, and continuing to enhance the investment climate. Panama e...

Szczegółowa specyfikacja

Opis bibliograficzny
Korporacja: International Monetary Fund. Western Hemisphere Dept
Format: Czasopismo
Język:English
Wydane: Washington, D.C. : International Monetary Fund, 2019.
Seria:IMF Staff Country Reports; Country Report ; No. 2019/012
Dostęp online:Full text available on IMF
LEADER 02188cas a2200241 a 4500
001 AALejournalIMF019014
008 230101c9999 xx r poo 0 0eng d
020 |c 5.00 USD 
020 |z 9781484394069 
022 |a 1934-7685 
040 |a BD-DhAAL  |c BD-DhAAL 
110 2 |a International Monetary Fund.  |b Western Hemisphere Dept. 
245 1 0 |a Panama :   |b Selected Issues. 
264 1 |a Washington, D.C. :  |b International Monetary Fund,  |c 2019. 
300 |a 1 online resource (88 pages) 
490 1 |a IMF Staff Country Reports 
500 |a <strong>Off-Campus Access:</strong> No User ID or Password Required 
500 |a <strong>On-Campus Access:</strong> No User ID or Password Required 
506 |a Electronic access restricted to authorized BRAC University faculty, staff and students 
520 3 |a This Selected Issues paper argues that Panama's prospects for maintaining buoyant growth critically depends on continued productivity growth underpinned by comprehensive reforms focused on improving education quality, attracting talent, and continuing to enhance the investment climate. Panama experienced both episodes of growth convergence and divergence over the past several decades. Following a stellar performance in recent decades, Panama's prospects of maintaining high growth rates and moving toward the club of high-income economies critically depends on continued productivity gains. Panama's economy embarked on a path of rapid growth since the political stabilization in the 1990s, which has brought it closer to moving from the middle to the high-income bracket. However, maintaining high growth rates may prove increasingly challenging, particularly for countries at Panama's current level of income. Policies that focus on improving education quality, attracting foreign talent toward knowledge-based sectors of the economy, and strengthening the investment environment are likely to be essential for sustaining productivity growth. 
538 |a Mode of access: Internet 
830 0 |a IMF Staff Country Reports; Country Report ;  |v No. 2019/012 
856 4 0 |z Full text available on IMF  |u http://elibrary.imf.org/view/journals/002/2019/012/002.2019.issue-012-en.xml  |z IMF e-Library